000 00423nam a2200181Ia 4500
008 210210b1935 xxu||||| |||| 00| 0 eng d
041 _aeng
082 _a444/242
100 _aMILNE (J M)
245 _aAdvanced tests in French
260 _aLondon
_bGeorge G Harrap and Company Limited
_c1935
650 _atests
650 _ain
650 _aFrench
650 _aAdvanced
690 _aFrench
906 _a006437
999 _c129392
_d129392